[Event "Bad Godesberg op 17th"]
[Site "Bad Godesberg"]
[Date "2013.08.07"]
[Round "5"]
[White "Andrijenko, Anatoliy"]
[Black "Runte, Dirk"]
[Result "0-1"]
[WhiteElo "1868"]
[BlackElo "1723"]
[PlyCount "66"]
[EventDate "2013.08.03"]
[EventType "swiss"]
[EventRounds "9"]
[EventCountry "GER"]
[SourceTitle "CBM 155 Extra"]
[Source "ChessBase"]
[SourceDate "2013.08.26"]
[SourceVersion "1"]
[SourceVersionDate "2013.08.26"]
[SourceQuality "1"]

1. e4 c5 2. Nf3 d6 3. d4 cxd4 4. Nxd4 Nf6 5. Nc3 g6 6. f3 Bg7 7. Be3 0-0 8. Qd2 Nc6 9. Nb3 a5 10. Na4 Nd7 11. Bb5 Na7 12. Bxd7 Bxd7 13. Nb6 Bxb2 14. c4 Ba3 15. 0-0 Bb4 16. Qb2 a4 17. Nxa8 a3 18. Qd4 Nc6 19. Qd3 Qxa8 20. c5 Be6 21. cxd6 Bxd6 22. Nd4 Rd8 23. Qc3 Be5 24. Rfd1 Qa4 25. Qc2 Rxd4 26. Qxa4 Rxa4 27. Rac1 Bxa2 28. Bh6 f6 29. Rd7 Bd4+ 30. Kf1 Rc4 31. Rxb7 Rxc1+ 32. Bxc1 Bc4+ 33. Ke1 a2 0-1

[Event "Solingen Karneval op"]
[Site "Solingen"]
[Date "2013.02.08"]
[Round "1"]
[White "Wegerle, Joerg"]
[Black "Runte, Dirk"]
[Result "1-0"]
[WhiteElo "2416"]
[BlackElo "1735"]
[PlyCount "53"]
[EventDate "2013.02.08"]
[EventType "swiss"]
[EventRounds "5"]
[EventCountry "GER"]
[SourceTitle "EXT 2015"]
[Source "ChessBase"]
[SourceDate "2014.11.20"]
[SourceVersion "1"]
[SourceVersionDate "2014.11.20"]
[SourceQuality "1"]

1. c4 Nf6 2. g3 c6 3. b3 e5 4. Bb2 d6 5. Bg2 Be6 6. Nc3 Be7 7. d4 Nbd7 8. Nf3 Bg4 9. 0-0 0-0 10. d5 cxd5 11. Nxd5 Nxd5 12. Qxd5 Nc5 13. Qd2 Bxf3 14. Bxf3 e4 15. Bg2 Bf6 16. Bxf6 Qxf6 17. b4 Ne6 18. Bxe4 Qd4 19. Qd3 Qxd3 20. Bxd3 Rfe8 21. Rfd1 g6 22. e3 Rab8 23. Be2 Red8 24. Rd5 Nc7 25. Rd2 b5 26. cxb5 Nxb5 27. Rc1 1-0

[Event "Cologne Longerich op 09th"]
[Site "Cologne"]
[Date "2012.08.05"]
[Round "3"]
[White "Arlt, Klaus"]
[Black "Runte, Dirk"]
[Result "1-0"]
[WhiteElo "1954"]
[BlackElo "1639"]
[PlyCount "69"]
[EventDate "2012.08.03"]
[EventType "tourn"]
[EventRounds "5"]
[EventCountry "GER"]
[SourceTitle "EXT 2017"]
[Source "ChessBase"]
[SourceDate "2016.10.25"]
[SourceVersion "1"]
[SourceVersionDate "2016.10.25"]
[SourceQuality "1"]

1. c4 Nf6 2. Nc3 g6 3. d4 Bg7 4. Nf3 d6 5. Bg5 h6 6. Bh4 0-0 7. e3 Nc6 8. Be2 e5 9. 0-0 exd4 10. exd4 Ne7 11. Re1 Nf5 12. Bxf6 Bxf6 13. Nd5 Be6 14. Nxf6+ Qxf6 15. Qd2 Kg7 16. b4 Nh4 17. Nxh4 Qxh4 18. Bf3 Bxc4 19. d5 b5 20. a4 a6 21. Re3 Rae8 22. Rae1 Qd8 23. Qd4+ Kh7 24. a5 Rxe3 25. Qxe3 Kg7 26. Qe7 Qxe7 27. Rxe7 Rc8 28. Bg4 Kf8 29. Rxf7+ Kxf7 30. Bxc8 Bxd5 31. Bxa6 Bc6 32. Bc8 Ke7 33. a6 Kd8 34. Bb7 Kd7 35. f4 1-0

[Event "Cologne Longerich op 09th"]
[Site "Cologne"]
[Date "2012.08.05"]
[Round "4"]
[White "Huebben, Dominik"]
[Black "Runte, Dirk"]
[Result "1/2-1/2"]
[WhiteElo "1854"]
[BlackElo "1639"]
[PlyCount "64"]
[EventDate "2012.08.03"]
[EventType "tourn"]
[EventRounds "5"]
[EventCountry "GER"]
[SourceTitle "EXT 2017"]
[Source "ChessBase"]
[SourceDate "2016.10.25"]
[SourceVersion "1"]
[SourceVersionDate "2016.10.25"]
[SourceQuality "1"]

1. e4 c5 2. c3 d5 3. exd5 Qxd5 4. d4 Nc6 5. Nf3 Bg4 6. Be2 cxd4 7. cxd4 Nf6 8. Nc3 Qa5 9. d5 Rd8 10. 0-0 Nxd5 11. Nxd5 Rxd5 12. Qb3 Bxf3 13. Bxf3 Rb5 14. Qc4 Rc5 15. Qf4 e5 16. Qg4 h5 17. Qf5 Nd4 18. Qe4 Nxf3+ 19. Qxf3 Qc7 20. Be3 Rc6 21. Bxa7 Bc5 22. Bxc5 Rxc5 23. Rfe1 g6 24. b4 Rc6 25. b5 Rc5 26. Qf6 0-0 27. b6 Qc6 28. Qxc6 Rxc6 29. Rxe5 Rxb6 30. a4 Ra8 31. Kf1 Rba6 32. Rb5 Rxa4 1/2-1/2

[Event "Bad Godesberg op 16th"]
[Site "Bad Godesberg"]
[Date "2012.07.13"]
[Round "7"]
[White "Krueger, Michael"]
[Black "Runte, Dirk"]
[Result "1-0"]
[WhiteElo "1993"]
[BlackElo "1727"]
[PlyCount "53"]
[EventDate "2012.07.07"]
[EventType "swiss"]
[EventRounds "9"]
[EventCountry "GER"]
[SourceTitle "CBM 149 Extra"]
[Source "ChessBase"]
[SourceDate "2012.08.24"]
[SourceVersion "1"]
[SourceVersionDate "2012.08.24"]
[SourceQuality "1"]

1. e4 c5 2. Nf3 d6 3. d4 cxd4 4. Nxd4 Nf6 5. Nc3 g6 6. f3 Bg7 7. Be3 0-0 8. Qd2 Nc6 9. 0-0-0 d5 10. Kb1 e5 11. Nxc6 bxc6 12. exd5 cxd5 13. Nxd5 Be6 14. Bc4 Rc8 15. Bb3 e4 16. fxe4 Nxe4 17. Qb4 Bxd5 18. Rxd5 Qh4 19. Rf1 Rb8 20. Qe1 Qe7 21. Bc5 Qxc5 22. Qxe4 Qc6 23. Qd3 Rfe8 24. a3 Qb6 25. Rd7 Re3 26. Rfxf7 Qxb3 27. Rxg7+ 1-0

[Event "Cologne Longerich op 8th"]
[Site "Cologne"]
[Date "2011.08.13"]
[Round "2"]
[White "Runte, Dirk"]
[Black "Sherif, Malik"]
[Result "1-0"]
[WhiteElo "1593"]
[BlackElo "896"]
[PlyCount "60"]
[EventDate "2011.08.12"]
[EventType "swiss"]
[EventRounds "5"]
[EventCountry "GER"]
[SourceTitle "EXT 2017"]
[Source "ChessBase"]
[SourceDate "2016.10.25"]
[SourceVersion "1"]
[SourceVersionDate "2016.10.25"]
[SourceQuality "1"]

1. d4 d5 2. Nf3 Nf6 3. c4 e6 4. g3 Be7 5. Bg2 0-0 6. 0-0 dxc4 7. Ne5 Re8 8. Nxc4 Nc6 9. e3 Bd7 10. Nc3 Bd6 11. e4 e5 12. d5 Ne7 13. Nxd6 cxd6 14. Bg5 Ng6 15. Qf3 Bg4 16. Bxf6 Bxf3 17. Bxd8 Bxg2 18. Kxg2 Raxd8 19. Rfc1 Rc8 20. Nb5 Rxc1 21. Rxc1 Rd8 22. Nxa7 Ra8 23. Rc8+ Rxc8 24. Nxc8 h6 25. Nxd6 b6 26. Nc4 b5 27. Nd6 b4 28. a4 Ne7 29. a5 b3 30. a6 g5 1-0

[Event "Cologne Chess Days op"]
[Site "Cologne"]
[Date "2010.08.20"]
[Round "1"]
[White "Runte, Dirk"]
[Black "Dehmel, Jens"]
[Result "0-1"]
[WhiteElo "1584"]
[BlackElo "2112"]
[PlyCount "86"]
[EventDate "2010.08.20"]
[EventType "swiss"]
[EventRounds "5"]
[EventCountry "GER"]
[SourceTitle "EXT 2011"]
[Source "ChessBase"]
[SourceDate "2010.11.26"]
[SourceVersion "1"]
[SourceVersionDate "2010.11.26"]
[SourceQuality "1"]

1. d4 d5 2. Nf3 Nf6 3. g3 Bg4 4. Bg2 e6 5. 0-0 Be7 6. b3 0-0 7. Bb2 c5 8. c3 Nc6 9. Nbd2 Rc8 10. Rc1 Qb6 11. h3 Bh5 12. Ba3 cxd4 13. Bxe7 Nxe7 14. cxd4 Rxc1 15. Qxc1 Rc8 16. Qa3 Nc6 17. Rc1 Ne4 18. g4 Bg6 19. e3 Nxd2 20. Nxd2 Qd8 21. Nf3 h5 22. g5 Be4 23. h4 f6 24. gxf6 Qxf6 25. Ng5 Bxg2 26. Kxg2 Rf8 27. f3 e5 28. Qc5 Rd8 29. Qc2 g6 30. b4 a6 31. a4 exd4 32. exd4 Qf5 33. Qe2 Qf6 34. Qe6+ Qxe6 35. Nxe6 Rd6 36. b5 Rxe6 37. bxc6 Rxc6 38. Rxc6 bxc6 39. Kg3 Kf7 40. Kf4 Ke6 41. a5 Kf6 42. Ke3 g5 43. hxg5+ Kxg5 0-1

[Event "Leverkusen-ch op"]
[Site "Leverkusen"]
[Date "2010.02.22"]
[Round "3"]
[White "Runte, Dirk"]
[Black "Karwatzki, Hans Juergen"]
[Result "0-1"]
[WhiteElo "1584"]
[BlackElo "1771"]
[PlyCount "74"]
[EventDate "2010.01.18"]
[EventType "swiss"]
[EventRounds "7"]
[EventCountry "GER"]
[SourceTitle "EXT 2011"]
[Source "ChessBase"]
[SourceDate "2010.11.26"]
[SourceVersion "1"]
[SourceVersionDate "2010.11.26"]
[SourceQuality "1"]

1. d4 Nf6 2. c4 e5 3. dxe5 Ng4 4. Bf4 Nc6 5. Nf3 Bc5 6. e3 f6 7. exf6 Qxf6 8. Qc2 0-0 9. Bd3 Nb4 10. Bxh7+ Kh8 11. Qg6 Nxf2 12. 0-0 Nfd3 13. Qxf6 Rxf6 14. Bxd3 Rxf4 15. Bg6 Bxe3+ 16. Kh1 d5 17. Nc3 Bf5 18. Ne5 Rxf1+ 19. Rxf1 Bxg6 20. Nxg6+ Kh7 21. Ne5 d4 22. Nd5 Nxd5 23. cxd5 Rd8 24. Rf3 Rxd5 25. Rh3+ Bh6 26. Nd3 c5 27. b3 b5 28. Kg1 c4 29. Nf4 Rf5 30. Ne2 d3 31. Nc3 d2 32. bxc4 bxc4 33. Rf3 Re5 34. Nd1 Re1+ 35. Rf1 Rxd1 36. Rxd1 c3 37. Kf1 c2 0-1